|
|
|
|
| LEADER |
00000nam a22000007a 4500 |
| 005 |
20201104222945.0 |
| 007 |
cr|||| |||| |
| 008 |
201104s2020 es |||||s|||| 00||0 spa d |
| 020 |
|
|
|a 978-84-1324-870-7
|
| 035 |
|
|
|a 32275
|
| 040 |
|
|
|a vLex
|
| 090 |
|
|
|c 10837
|d 10837
|
| 100 |
1 |
|
|a Campione, Roger
|
| 245 |
1 |
2 |
|a La plausibilidad del derecho en la era de la inteligencia artificial
|h [Recurso electrn̤ico] :
|b Filosofa̕ carbn̤ica y filosofa̕ silc̕ica del derecho /
|c Roger Campione
|
| 256 |
|
|
|a Servicio en ln̕ea
|
| 260 |
|
|
|a Madrid:
|b Dykinson,
|c 2020
|
| 300 |
|
|
|a 1 recurso electrn̤ico
|
| 500 |
|
|
|a Gracias a la tčnica hemos superado nuestros lm̕ites corporales frente a la naturaleza, convirtiňdonos de animales en humanos. Ahora, la robt̤ica y la inteligencia artificial nos conducen a la expansin̤ de lo humano hacia lo post-humano en dos sentidos contrapuestos: como mecanizacin̤ de lo vivo y como vivificacin̤ de lo mecǹico. La irrupcin̤ en la vida social de elementos que no forman parte de la cadena fisiolg̤ica resultante de la seleccin̤ natural y que, sin embargo, muestran rasgos hasta ayer privativos de los seres humanos, como el aprendizaje, la toma de decisiones autn̤omas o una morfologa̕ antropoide (bots, robots, ciborgs, sistemas autn̤omos) mezcla las cartas de la vida. ¿Cm̤o afecta a la dimensin̤ normativa este mestizaje entre lo biolg̤ico y lo tčnico? Este libro es un intento de someter el derecho como instrumento de contencin̤ de la violencia a un test de plausibilidad, al fin de medir su capacidad para mantener el paso de una evolucin̤ tecnolg̤ica que est ̀trastocando ciertas formas cls̀icas del pensamiento jurd̕ico. Y parte de la necesidad de una compenetracin̤ entre la tradicional filosofa̕ carbn̤ica, es decir orgǹica, del derecho, con el hombre como ser vivo situado en su centro y una nueva filosofa̕ silc̕ica del derecho, que incorpore a la arena, la materia inorgǹica antropoide como posible sujeto de derecho.
|
| 506 |
1 |
|
|a Disponible solo en los productos indicados
|d vLex Global
|d vLex Global (Academic Edition, excluding Law Schools)
|d vLex Global (U.S. Academic Edition, Law Schools)
|d vLex Global (U.S. Academic Edition, excluding Law Schools)
|d vLex Global (Academic Edition, Law Schools)
|
| 650 |
0 |
4 |
|a Derecho Militar
|z Espaą
|
| 650 |
0 |
4 |
|a Filosofa̕ y religin̤
|z Espaą
|
| 740 |
0 |
|
|a vLex Libros (Servicio en ln̕ea)
|
| 856 |
4 |
0 |
|u http://vlex.com/source/plausibilidad-del-derecho-en-la-era-de-la-inteligencia-artificial-filosofia-carbonica-y-filosofia-silicica-del-derecho-32275
|z Acceso restringido
|
| 942 |
|
|
|c BOOK
|
| 999 |
0 |
|
|a Military Law
|
| 999 |
0 |
|
|a Philosophy and religion
|